=LDR 00000nam 2200000 4500 =001 INLIS000000000010305 =005 20130612102008 =008 ***********************************Ind** =035 ##$$0010-061300000010305 =041 ##$$a Ind =082 ##$$a 892.7 =090 ##$$a 892.7, Gib c =100 ##$$a GIBRAN, Kahlis =245 ##$$a Cinta pertama =260 ##$$a 2002 $b Yogyakarta =300 ##$$a 119 hlm, 19 cm =650 ##$$a Kesusastraan - Arab =850 ##$$a NBPNMAT